Country Borders not leading to a Country Tripoint - Statistics

General Stats
  • This quiz has been taken 106 times
  • The average score is 40 of 46
Answer Stats
COUNTRY % Correct
Germany
97%
Indonesia
95%
Indonesia
95%
Indonesia
95%
Italy
95%
Italy
95%
Malaysia
95%
Malaysia
95%
Malaysia
95%
Denmark
94%
East Timor
94%
Ireland
94%
Portugal
94%
Spain
94%
United Kingdom
94%
Canada
92%
Papua New Guinea
92%
San Marino
92%
United States
92%
United States
92%
Vatican City
92%
Brunei
90%
France
90%
Mexico
90%
South Africa
90%
Thailand
90%
Lesotho
89%
Dominican Republic
87%
Haiti
87%
North Korea
87%
South Korea
87%
Qatar
85%
Saudi Arabia
85%
Monaco
84%
Panama
84%
Panama
84%
Costa Rica
82%
Costa Rica
82%
Honduras
82%
Colombia
81%
Nicaragua
81%
Nicaragua
81%
Gambia
79%
Senegal
79%
Israel
56%
Egypt
55%
No matching quizzes found
Score Distribution
Percent of People with Each Score
Percentile by Number Answered
Your Score History
You have not taken this quiz